000
00300nam a22001337a 4500
020
_a
978-1138073876
041
_a
ENG
100
_a
Kumar.J.K
245
_a
Drinking Water Disinfecton Techniques
260
_a
New York
_b
CEC Press
_c
2013
300
_a
252
650
_a
SWCE
856
_u
SWCE ( 43 )
999
_c
1976
_d
1976